000 00527nam a2200205Ia 4500
005 20230406112531.0
008 230125s9999 xx 000 0 und d
020 _a9788121920148
041 _aeng
082 _a302.35
_bKHA
100 _aKhanka S S
_9114756
245 _aOrganisational Behaviour
_bText and Cases
260 _c2016
_bS. Chand & Company Ltd.
_aNew Delhi
300 _a560p
650 _aOB
_9119070
700 _aKhanka S S
_9114756
906 _b139.5
942 _cBK
999 _c94577
_d94577